Flagship College Towns - Statistics

General Stats
  • This quiz has been taken 469 times
  • The average score is 30 of 50
Answer Stats
hint Answer % Correct
Colorado Boulder
83%
Michigan Ann Arbor
82%
Texas Austin
82%
Georgia Athens
81%
California Berkeley
81%
Ohio Columbus
79%
Nebraska Lincoln
79%
Utah Salt Lake City
79%
Wisconsin Madison
77%
Minnesota Minneapolis
77%
Arizona Tucson
77%
Louisiana Baton Rouge
76%
Florida Gainesville
76%
Alabama Tuscaloosa
76%
Nevada Reno
75%
Missouri Columbia
74%
South Carolina Columbia
74%
Washington Seattle
74%
Alaska Fairbanks
72%
North Carolina Chapel Hill
71%
Tennessee Knoxville
70%
New Mexico Albuquerque
68%
Oregon Eugene
68%
Kentucky Lexington
68%
Indiana Bloomington
64%
Maryland College Park
64%
Virginia Charlottesville
62%
Arkansas Fayetteville
62%
Oklahoma Norman
62%
Iowa Iowa city
61%
Kansas Lawrence
58%
Massachusetts Amherst
57%
Mississippi Oxford
57%
Vermont Burlington
53%
Montana Missoula
51%
West Virginia Morgantown
51%
Illinois Urbana-Champaign
49%
New York Buffalo
48%
Wyoming Laramie
47%
Hawaii Manoa
45%
Delaware Newark
45%
Connecticut Storrs
43%
Idaho Moscow
41%
New Hampshire Durham
36%
New Jersey New Brunswick
36%
North Dakota Grand Forks
28%
Maine Orono
26%
Pennsylvania University Park
19%
Rhode Island Kingston
18%
South Dakota Vermillion
16%
No matching quizzes found
Score Distribution
Percent of People with Each Score
Percentile by Number Answered
Your Score History
You have not taken this quiz